Harry Potter characters by title - Statistics

General Stats
  • This quiz has been taken 985 times
  • The average score is 13 of 15
Answer Stats
Question Answer % Correct
In which house was Hermione Granger sorted into? Gryffindor
100%
Who is a herbologist? Pomona Sprout
96%
What is Kingsley Shacklebolt's job? Auror
95%
What kind of animal is Fawkes? Phoenix
93%
Who was NOT a teacher in Hogwarts during Harry's fourth year? Remus Lupin
92%
Who was not a champion in Triwizard Tournament? Gabrielle Delacour
91%
Who was an Alchemist? Nicolas Flamel
90%
What does Horace Slughorn teach? Potions
89%
What kind of creature is Griphook? Goblin
83%
What was Oliver Wood's position in quidditch? Keeper
80%
What was Angelina Johnson's position in quidditch? Chaser
79%
Who was never the Minister for Magic? Bog Ogden
75%
Who is a Quidditch referee? Rolanda Hooch
74%
Who is the author of "A History of Magic"? Bathilda Bagshot
73%
What is Xenophilius Lovegood's job? Editor
57%
No matching quizzes found
Score Distribution
Percent of People with Each Score
Percentile by Number Answered
Your Score History
You have not taken this quiz